| 000 | 01558nam a2200361 i 4500 | ||
|---|---|---|---|
| 001 | 190451 | ||
| 003 | ES-MaACL | ||
| 005 | 20251218063016.0 | ||
| 007 | ta | ||
| 008 | 210330s2018 ec a |||| 011 0dspa d | ||
| 020 | _a978-9942-30-984-6 | ||
| 040 |
_aES-MaACL _bspa _cES-MaACL _erda |
||
| 044 | _aec | ||
| 080 | _a001.32(866.13 Quito) | ||
| 100 | 1 |
_aRivadeneira Játiva, Luis, _d1949- _9171153 _eaut |
|
| 245 | 1 | 0 |
_aHistoria y memorias del Ateneo Ecuatoriano / _cLuis Rivadeneira Játiva. |
| 250 | _aPrimera edición: mayo del 2018 | ||
| 264 | 1 |
_aQuito : _b[Centro Cultural El Palacio del Poeta], _c2018 |
|
| 300 |
_a157 páginas : _bilustraciones ; _c21 cm |
||
| 336 |
_2rdacontent _aTexto |
||
| 337 |
_2rdamedia _asin mediación |
||
| 338 |
_2rdacarrier _avolumen |
||
| 490 | 0 | _aHistoria | |
| 500 | _aEjemplar firmado y dedicado por el autor | ||
| 504 | _aBibliografía: páginas 153-154. Índice | ||
| 594 | _aBodas de Roble. Homenaje al Ateneo Ecuatoriano al cumplir 80 años de fundación, 1938-2018, en el centenario del natalicio del poeta César Dávila Andrade. | ||
| 610 | 2 | 4 |
_aAteneo Ecuatoriano. _92037 |
| 852 | 4 |
_aES-MaACL _jA-14652 _9197628 _bR.152389 _cDEPO1 _dOlim: N-7652 _gDedicatoria autógrafa del autor _hDonación: Luis Rivadeneira Játiva _xEncuadernación rústica |
|
| 852 | 4 |
_aES-MaACL _jA-15877 _cDEPO1 _gDedicatoria Autógrafa del autor _hDonación: Luis Rivadeneira Játiva _xEncuadernación Rustica _9206892 |
|
| 942 |
_cMONOGRAFIA _n0 |
||
| 999 |
_c190451 _d190451 |
||